000 01374nam0a22002771 4500
001 rc\118471
005 20250620190206.0
010 _a5-7763-0455-5
_91000
035 _a(NLR Aleph) 005376582
090 _a7056019
_c7056019
100 _a20021216d1991 |||y0rusy50 ca
101 0 _arus
102 _aRU
105 _aa |||||||||
200 1 _aМатематическое моделирование установившихся режимов электрических систем переменно-постоянного тока
_e[Учеб. пособие для спец. 10.02]
_fГ.Н. Лысяк, В.Н. Стряпан, А.В. Данилюк
_gМ-во высш. и сред. спец. образования УССР. Учеб.-метод. каб. по высш. образованию, Львов. политехн. ин-т им. Ленинского комсомола
210 _aКиев
_cУМКВО
_d1991
215 _a102, [1] с.
_cил.
_d21
320 _aБиблиогр.: с. 100-101 (27 назв.)
700 1 _aЛысяк
_bГ.Н.
_gГеоргий Николаевич
701 1 _aСтряпан
_bВ.Н.
_gВалентин Николаевич
701 1 _aДанилюк
_bА.В.
_gАлександр Владимирович
801 0 _aRU
_bNLR
_gpsbo
801 1 _aRU
_bELAR
_2rusmarc
852 _aNLR
_j91-3/3104
942 _cBOOK
980 _aNB